000 005710000a22002050004500
003 LK-CoMWRAF
005 20230930212918.0
008 230817t ||||| |||| 00| 0 eng d
040 _aLK-CoMWRAF
_dLK-CoMWRAF
_eLK-CoMWRAF
041 _aeng
082 _a297.6
_bABB
100 _aAbbasi, S.M.Madni
245 _aFamily of the Holy Prophet
260 _aPakistan (Karachi) :
_bInternational Islamic publishers,
_c1987
300 _a209p
650 _aThe children of the holy Prophet
650 _aFamily--Holy prophet
653 _aIslam--Holy Prophet
942 _cBK
999 _c979
_d979